Dubrovski; (Registro nro. 32555)
[ vista simple ]
| 000 -CABECERA | |
|---|---|
| campo fijo de control de longitud | 00755nam a22002417a 4500 |
| 001 - NÚMERO DE CONTROL | |
| campo de control | 32555 |
| 003 - IDENTIFICADOR DEL NÚMERO DE CONTROL | |
| campo de control | AR-RoBPED |
| 005 - FECHA Y HORADE LA ULTIMA TRANSACCION | |
| campo de control | 20260413085748.0 |
| 008 - ELEMENTOS DE LONGITUD FIJA--INFORMACION GENERAL | |
| campo fijo de control de longitud | 260410s1971 es |||er|||| 001 1 spa d |
| 040 ## - FUENTE CATALOGADORA | |
| Centro catalogador/agencia de origen | AR-RoBPED |
| 041 ## - IDIOMA | |
| Código de idioma para texto/pista de sonido o título independiente | spa |
| 100 1# - ENCABEZAMIENTO PRINCIPAL--AUTOR PERSONAL | |
| Nombre de persona | Pushkin, A. S. |
| 9 (RLIN) | 17443 |
| 245 1# - TITULO | |
| Título | Dubrovski; |
| Subtítulo | Los relatos de Belkin / |
| Mención de responsabilidad | A. S. Pushkin; prólogo de José Lain Entralgo. |
| 260 ## - PUBLICACION | |
| Lugar | España: |
| Editor | Salvat, |
| Fecha | 1971. |
| 300 ## - DESCRIPCION FISICA | |
| Extensión | 175 p. |
| 490 0# - SERIE | |
| Mención de serie | (Biblioteca Basica Salvat; |
| Designación de volumen o secuencia | N° 88) |
| 650 #4 - TERMINO DE MATERIA--CONTROLADO | |
| Término controlado | LITERATURA RUSA |
| 9 (RLIN) | 3413 |
| Término controlado | NOVELAS |
| 9 (RLIN) | 25 |
| Término controlado | RELATOS |
| 9 (RLIN) | 495 |
| 700 1# - ENCABEZAMIENTO SECUNDARIO--AUTOR PERSONAL | |
| Nombre de persona | Laín Entralgo, José |
| Fecha de nac-muerte | 1910-1972 |
| 9 (RLIN) | 29867 |
| Función | prol. |
| 942 ## - ELEMENTOS KOHA | |
| Fuente de clasificación | Universal Decimal Classification |
| Número Koha | k. 32555 |
| Koha tipo de ítem | Libro |
| Clasificación | 882-31 |
| Signatura librística | P 98 d |
| Inventario | inv. 42374 |
| 945 ## - PROCESAMIENTO DE LA INFORMACIÓN LOCAL | |
| Catalogador y fecha | mm 10/04/2026 - cd 13/04/2026 |
| Estado retirado | Estado perdido | Fuente de clasificación | Estado dañado | No se presta | Biblioteca propietaria | Biblioteca de reserva | Fecha de adquisición | Procedencia | Total de préstamos | Signatura topográfica completa | Código de barras (nº de inventario) | Fecha visto por última vez | Catalogador y fecha | Tipo de ítem Koha | Nota pública |
|---|---|---|---|---|---|---|---|---|---|---|---|---|---|---|---|
| Universal Decimal Classification | Biblioteca Pedagógica Eudoro Díaz | Biblioteca Pedagógica Eudoro Díaz | 07/04/2026 | Donacion | 882-31 P 98 d | 42374 | 10/04/2026 | mm 10/04/2026 | Libro | Se presta 15 días. |